LEADER 06897nam 22007215 450 001 996466293303316 005 20200703021220.0 010 $a3-030-05755-0 024 7 $a10.1007/978-3-030-05755-8 035 $a(CKB)4100000007204979 035 $a(DE-He213)978-3-030-05755-8 035 $a(MiAaPQ)EBC6286310 035 $a(PPN)232963932 035 $a(EXLCZ)994100000007204979 100 $a20181208d2018 u| 0 101 0 $aeng 135 $aurnn|008mamaa 181 $ctxt$2rdacontent 182 $cc$2rdamedia 183 $acr$2rdacarrier 200 10$aSmart Computing and Communication$b[electronic resource] $eThird International Conference, SmartCom 2018, Tokyo, Japan, December 10?12, 2018, Proceedings /$fedited by Meikang Qiu 205 $a1st ed. 2018. 210 1$aCham :$cSpringer International Publishing :$cImprint: Springer,$d2018. 215 $a1 online resource (XII, 462 p. 268 illus., 170 illus. in color.) 225 1 $aInformation Systems and Applications, incl. Internet/Web, and HCI ;$v11344 300 $aIncludes index. 311 $a3-030-05754-2 327 $aA Two-Way Identity Authentication Scheme Based on Dynamic Password -- Adaptive Quality Control Scheme to Improve QoE of Video Streaming in Wireless Networks -- Traveler Review Analysis System with Big Data (TRAS) -- Vulnerability Assessment for PMU Communication Networks -- Proposal of parallel processing area extraction and data transfer number reduction for automatic GPU offloading of IoT applications -- Performance Evaluation of industrial OPC UA Gateway with energy cost-saving -- Travel-Time Prediction Methods: A Review -- The influence of sleep on opportunistic relay in linear wireless sensor networks -- Reconfigurable Hardware Generation for Tensor Flow Models of CNN Algorithms on a Heterogeneous Acceleration Platform -- Image Segmentation Algorithm Based on Spatial Pyramid and Visual Salience -- Fast Implementation for SM4 Cipher Algorithm Based on Bit-Slice Technology -- Static Analysis of Android Apps Interaction with Automotive CAN -- Opportunistic Content Offloading for Mobile Edge Computing -- Image Annotation Algorithm Based on Semantic Similarity and Multi-Features -- One Secure IoT Scheme for Protection of True Nodes -- Predicted Mobile Data Offloading for Mobile Edge Computing Systems -- A Monte Carlo based Computation Offloading Algorithm for Feeding Robot IoT System -- Collective Behavior Aware Collaborative Caching for Mobile Edge Computing -- Implementation of distributed multi-agent scheduling algorithm based on Pi-calculus -- SmartDetect: A Smart Malicious Web Shell Code Detection Scheme via Ensemble Learning Algorithm -- An optimized MBE Algorithm on Sparse Bipartite Graphs -- IoT Framework for Interworking and Autonomous Interaction between Heterogeneous IoT Platforms -- Improvement of TextRank Based on Co-occurrence Word Pairs and Context Information -- Augmenting Embedding with Domain Knowledge for Oral Disease Diagnosis Prediction -- Regional Estimation Prior Network for Crowd Analyzing -- RBD: A Reference Railway Big Data System Model -- Artificial Intelligence Platform for Heterogeneous Computing -- Review on Application of artificial intelligence in photovoltaic output prediction -- Abnormal Flow Detection Technology In GPU Network Based On Statistical Classification Method -- Research on Data Forwarding Algorithm Based on Link Quality in Vehicular Ad Hoc Networks -- The Knowledge Map Analysis of User Profile Research Based on CiteSpace -- The Accuracy of Fuzzy C-Means in Lower-Dimensional Space for Topic Detection -- Information-Centric Fog Computing for Disaster Relief -- Smartly Deploying WeChat Mobile Application on Cloud Foundry PaaS -- Normal Profile Updating Method For Enhanced Packet Header Anomaly Detection -- Research on Arm Motion Capture of Virtual Reality Based on Kinematics -- Financial News Quantization and Stock Market Forecast Research Based on CNN and LSTM -- Correlation Coefficient based Cluster Data Preprocessing and LSTM Prediction Model for Time Series Data in Large Aircraft Test Flights -- PSPChord - A Novel Fault Tolerance Approach for P2P Overlay Network -- Studying Weariness Prediction Using SMOTE and Random Forests -- Design of Heterogeneous Evaluation Method for Redundant Circuits -- Senior2Local: a Machine Learning Based Intrusion Detection Method for VANETs -- Depth Prediction from Monocular Images with CGAN -- Anomaly Detection for Power Grid based on Network Flow -- A K-Anonymous Full Domain Generalization Algorithm Based on Heap Sort. 330 $aThis book constitutes the refereed proceedings of the Third International Conference on Smart Computing and Communications, SmartCom 2018, held in Tokyo, Japan, in December 2018. The 45 papers presented in this volume were carefully reviewed and selected from 305 submissions. They focus on topics from smart data to smart communications, as well as smart cloud computing to smart security. . 410 0$aInformation Systems and Applications, incl. Internet/Web, and HCI ;$v11344 606 $aComputer communication systems 606 $aComputer networks$xSecurity measures 606 $aComputers 606 $aArtificial intelligence 606 $aLaw and legislation 606 $aOptical data processing 606 $aComputer Communication Networks$3https://scigraph.springernature.com/ontologies/product-market-codes/I13022 606 $aMobile and Network Security$3https://scigraph.springernature.com/ontologies/product-market-codes/I28050 606 $aInformation Systems and Communication Service$3https://scigraph.springernature.com/ontologies/product-market-codes/I18008 606 $aArtificial Intelligence$3https://scigraph.springernature.com/ontologies/product-market-codes/I21000 606 $aLegal Aspects of Computing$3https://scigraph.springernature.com/ontologies/product-market-codes/I24059 606 $aImage Processing and Computer Vision$3https://scigraph.springernature.com/ontologies/product-market-codes/I22021 615 0$aComputer communication systems. 615 0$aComputer networks$xSecurity measures. 615 0$aComputers. 615 0$aArtificial intelligence. 615 0$aLaw and legislation. 615 0$aOptical data processing. 615 14$aComputer Communication Networks. 615 24$aMobile and Network Security. 615 24$aInformation Systems and Communication Service. 615 24$aArtificial Intelligence. 615 24$aLegal Aspects of Computing. 615 24$aImage Processing and Computer Vision. 676 $a004 702 $aQiu$b Meikang$4edt$4http://id.loc.gov/vocabulary/relators/edt 801 0$bMiAaPQ 801 1$bMiAaPQ 801 2$bMiAaPQ 906 $aBOOK 912 $a996466293303316 996 $aSmart Computing and Communication$91939023 997 $aUNISA LEADER 01203nam 2200289z- 450 001 9910689414903321 005 20161209101048.0 035 $a(CKB)5860000000031798 035 $a(BIP)008677767 035 $a(EXLCZ)995860000000031798 100 $a20220406c2001uuuu -u- - 101 0 $aeng 200 10$aPublic access to market data $eimproving transparency and competition : hearing before the Subcommittee on Capital Markets, Insurance, and Government Sponsored Enterprises of the Committee on Financial Services, U.S. House of Representatives, One Hundred Seventh Congress, first session, March 14, 2001 215 $a1 online resource (v, 231 p.) $cill 311 $a0-16-066342-3 517 $aPublic access to market data 606 $aSecurities industry$zUnited States$xInformation services 606 $aStock exchanges$zUnited States$xInformation services 610 $aSecurities industry 610 $aStock exchanges 610 $aBusiness & economics 615 0$aSecurities industry$xInformation services. 615 0$aStock exchanges$xInformation services. 906 $aBOOK 912 $a9910689414903321 996 $aPublic access to market data$93146634 997 $aUNINA